Y As a Vowel - Sudden Death - Statistics

General Stats
  • This quiz has been taken 144 times
    41 since last reset
  • The average score is 10 of 15
Answers on the Grid
Answers color-coded by a green-red scale on the quiz's grid according to % correct below.
Amethyst
Any
Barnyard
Beyond
Canyon
Cyprus
Every
Gynaecology
Jelly
Lanyard
Lawyer
Monkey
Papyrus
Rhythm
Soybean
Syzygy
Tray
Tycoon
Unyielding
Why
Yacht
Yelling
Yesteryear
Zydeco
 
Answer Stats
Answer % Correct
Any
86%
Amethyst
77%
Cyprus
77%
Why
77%
Syzygy
71%
Gynaecology
69%
Papyrus
69%
Rhythm
69%
Tycoon
69%
Every
63%
Zydeco
63%
Jelly
60%
Monkey
57%
Tray
49%
Soybean
34%
No matching quizzes found
Score Distribution
Percent of People with Each Score
Percentile by Number Answered
Your Score History
You have not taken this quiz since the last reset